f1 team by picture (hard) - Statistics

General Stats
  • This quiz has been taken 38 times
  • The average score is 9 of 16
Answer Stats
Picture Answer % Correct
mclaren
94%
red bull
94%
williams
84%
ferrari
81%
racing point
81%
sauber
71%
HRT
55%
honda
52%
jordan
48%
manor
42%
matra
42%
spyker
39%
tyrrell
35%
BRM
32%
larrousse
16%
de klerk
0%
No matching quizzes found
Score Distribution
Percent of People with Each Score
Percentile by Number Answered
Your Score History
You have not taken this quiz